000 01299nam a2200241Ia 4500
008 0000002007 sp 0000000000mul00
020 _a9788448245504
090 _aPSP02 D24w
100 1 _aDe la Calle, Román
245 1 0 _aWences Rambla [Disco compacto ]
_b: un itinerari plástic per la senda de l ́abstracció = un itinerario plástico por la senda de la abstracción
_c/ textos Román de la Calle, Pascual Patuel ; fotografías Mateo Gamón, Wences Rambla
300 _a1 CD ROM bajo Windows
_c/ 12 cm.
500 _aEste material visual acompaña al libro con el título: Wences Ramblaun itinerari plástic per la senda de l ́abstracció; el cual puede consultarlo con la referencia: PSP00 D24w \ Incluye datos biográficos y cronología artística \Texto en español, catalán, valenciano e inglés
600 0 0 _aRAMBLA ZARAGOZA, WENCES, 1948/
_xTRABAJOS PICTORICOS
650 1 4 _a PINTURA ESPAÑOLA CDROM
650 1 4 _aARTE ABSTRACTO ESPAÑOL
650 1 4 _aARTE ABSTRACTO ESPAÑOL CDROM
650 1 4 _aARTISTAS PLASTICOS ESPAÑOLES CDROM
650 1 4 _xCATALOGOS
650 1 4 _xEXPOSICIONES
650 1 4 _aPINTURA ABSTRACTA ESPAÑOLA
650 1 4 _aPINTURA ESPAÑOLA
999 _c14310
_d14310
260 _aValencia (España) : Consorci de Museum de la Comunitat Valenciana
_c2007